000 00677nam a2200289Ia 4500
005 20260324125925.0
008 008 260324s9999 xx 000 0 eng d
020 _a9780203931424
037 _aEBOOK
040 _aCRL
040 _beng
040 _cCRL
041 _2eng
041 _aeng
084 _qCRL
100 _aCiaran Sugrue
_91103730
245 4 _aThe Future of Educational Change
245 0 _bInternational Perspectives
260 _bTaylor and Francis
260 _c2008
365 _a
365 _b240
856 _uhttp://www.taylorfrancis.com/books/9780203931424
942 _cEBOOK
999 _c1775520
_d1775520